Kényszeregyességi likvidáció

Elmentve itt :
Bibliográfiai részletek
Szerző: György Ernő
Dokumentumtípus: Cikk
Megjelent: 1929
Sorozat:Polgári jog : a hazai és külföldi magánjog és hiteljog szemléje 5
Kulcsszavak:Eljárásjog kényszeregyesség jogi szabályozás
Online Access:http://misc.bibl.u-szeged.hu/5143
LEADER 00632nab a2200169 i 4500
001 misc5143
005 20191106142751.0
008 170607s1929 hu o 0|| hun d
040 |a SZTE Miscellanea Repozitórium  |b hun 
041 |a hun 
100 1 |a György Ernő 
245 1 0 |a Kényszeregyességi likvidáció  |h [elektronikus dokumentum] /  |c  György Ernő 
260 |c 1929 
300 |a 374-387a 
490 0 |a Polgári jog : a hazai és külföldi magánjog és hiteljog szemléje  |v 5 
695 |a Eljárásjog kényszeregyesség jogi szabályozás 
856 4 0 |u http://misc.bibl.u-szeged.hu/5143/1/polgari_jog_1929_374-387a.pdf  |z Dokumentum-elérés